|
|
|
|
| LEADER |
01188cam a2200301 u 4500 |
| 001 |
10119902 |
| 003 |
upatras |
| 005 |
20210117205826.0 |
| 008 |
160414s2007 us f eng |
| 020 |
|
|
|a 9780520260061
|
| 040 |
|
|
|a GR-PaULI
|c GR-PaULI
|
| 041 |
0 |
|
|a eng
|
| 082 |
0 |
4 |
|a 180
|
| 100 |
1 |
|
|a Sedley, D. N.
|4 aut
|9 40886
|
| 245 |
1 |
0 |
|a Creations and its critics in antiquity
|c David Sedley
|
| 260 |
|
|
|a Berkeley
|b University of California Press
|c 2007
|
| 300 |
|
|
|a xvii, 269 σ.
|c 23 εκ.
|
| 490 |
0 |
|
|a Sather classical lectures
|v 66
|
| 504 |
|
|
|a Περιλαμβάνει βιβλιογραφικές παραπομπές και ευρετήριο
|
| 650 |
|
4 |
|a Φιλοσοφία, Αρχαία
|9 2442
|
| 650 |
|
4 |
|a Κοσμογονία
|9 56447
|
| 650 |
|
4 |
|a Τελεολογία
|9 87005
|
| 760 |
0 |
|
|a Sather classical lectures
|g 66
|
| 852 |
|
|
|a GR-PaULI
|b ΠΑΤΡΑ
|b ΦΙΛΟΣΟΦΙΑ
|k ΑΣΧΞ-4
|h 180 SED
|m 8290
|p 025000187312
|t 1
|
| 942 |
|
|
|2 ddc
|c BK15
|
| 952 |
|
|
|0 0
|1 0
|4 0
|6 180_000000000000000_SED
|7 0
|9 192603
|a PHIL
|b PHIL
|d 2016-04-24
|i 8290
|l 0
|o 180 SED
|p 025000187312
|r 2016-04-24 00:00:00
|t 1
|w 2016-04-24
|y BK15
|
| 998 |
|
|
|c ΚΑΝΕΛΛΟΠΟΥΛΟΥ
|d 2016-04
|
| 999 |
|
|
|c 118072
|d 118072
|